000 00277nam a22001097a 4500
008 170112b xxu||||| |||| 00| 0 eng d
020 _a9781416001416
041 _aeng
080 _24TH
_a618.2
245 _aFOUNDATIONS OF MATERNAL-NEWBORN NURSING
_cMURRAY, SH.S
942 _2udc
_cBK
999 _c2787
_d2787